| 000 | 00515cam a22002171 4500 | ||
|---|---|---|---|
| 001 | sa 65001840 | ||
| 003 | DLC | ||
| 005 | 20260227112112.0 | ||
| 008 | 891214s1964 ii b 000 0 hino | ||
| 010 | _asa 65001840 | ||
| 035 | _a(OCoLC)20783128 | ||
| 040 |
_aDLC _cWaU _dDLC |
||
| 042 | _apremarc | ||
| 050 | 0 | 0 |
_aPK2098.M22 _bJ6 |
| 100 | 1 |
_aMachwe, Prabhakar Balvant, _d1917- |
|
| 245 | 1 | 0 | _aJo. |
| 260 | _c[1964] | ||
| 300 |
_a7, 148 p. _c19 cm. |
||
| 500 | _aIn Hindi. | ||
| 504 | _aBibliography: p. 148. | ||
| 999 |
_c62275 _d62275 |
||